=LDR 00000nam 2200000 4500 =001 INLIS000000000036129 =005 20140417153044.0 =006 =007 =008 Ind =035 ##$$a 0010-061300000036129 =041 ##$$a Ind =082 ##$$a 028.5 =090 ##$$a 028.5, Poc p =100 ##$$a Ann, Anthony =245 ##$$a Poc n pic, iptek dan ilmuwan, oleh Anthony Ann dan Selviya Hanna =260 ##$$a 2011 $b Jakarta =300 ##$$a 161 hlm, ilus, 24 cm =650 ##$$a Bacaan kanak-kanak =700 ##$$a Hanna, Seviya =850 ##$$a NBPNMAT